| 000 | 00413nam a2200169Ia 4500 | ||
|---|---|---|---|
| 008 | 210719s2016 xx 000 0 und d | ||
| 041 | _aeng | ||
| 082 | _a820.43 NINS | ||
| 100 | _aNINAN (Mathew C) | ||
| 245 | _aSoliloquies II | ||
| 260 |
_aBrahmavar _c2016 |
||
| 300 |
_axiv,234 _bHB |
||
| 365 |
_b300 _cRs |
||
| 650 | _aIndian English Prose | ||
| 650 | _aIndian English Prose | ||
| 906 | _aII ; Soliloquies | ||
| 999 |
_c215714 _d215714 |
||